000 00770nam a2200229Ia 4500
008 191130s1997##################000#0#eng##
020 _a9780521574235
022 _a97138418
040 _aACL
_cACL
082 _a153 SAL
245 _aDistributed cognitions : psychological and educational considerations
_cedited by Gavriel Salomon
250 _a1st pbk. ed
260 _aCambridge
_bCambridge University Press
_c1997
300 _axxi, 275 p. : ill. ; 23 cm
500 _aOriginally published: 1993. Includes bibliographical references and index
650 _aDistributed cognition
650 _aLearning, Psychology of - Social aspects
700 _aSalomon, Gavriel
990 _aa0d156aaac10000c74caa7bc25573862
991 _a214367
999 _c151724
_d151724